Cities in Louisiana by picture - Statistics

General Stats
  • This quiz has been taken 14 times
    9 since last reset
  • The average score is 4 of 16
Answer Stats
Picture Answer % Correct
Baton Rouge
100%
New Orleans
100%
Shreveport
86%
Monroe
43%
Kenner
14%
Lake Charles
14%
Bogalusa
0%
Bossier City
0%
Broussard
0%
Chalmette
0%
Hammond
0%
Metairie
0%
New Iberia
0%
Ponchatoula
0%
Port Sulphur
0%
Tallulah
0%
No matching quizzes found
Score Distribution
Percent of People with Each Score
Percentile by Number Answered
Your Score History
You have not taken this quiz since the last reset